01682nam a22001577a 4500008004100000020001500041020001500056082001700071100004900088245016500137260005500302300003100357505102400388650006301412700004901475150318b xxu||||| |||| 00| 0 eng d a9077288023 a3937577459 a700.1bK923n aMark Kremer; Maria Hlavajova; Annie Fletcher aNow what? Artists write!ba new collection of artists' writings published as part six of the project Now what? Dreaming a better world in six partscMark Kremer aUtrecht bBAK ; Frankfurt am Main : Revolverc2004 a184 pagb ill. col c26 cm tWild west / Pawel and Weronika AlthamertThe cold studio / Tiong Ang tCharming the snake of reason / Ansuya BlomtWhy can't I be you? / Phil CollinstConstruction of one : a first scenario / Liam GillicktC'est l'amour : for all my mothers : Nadia, Rosa, Bridge and Ripley / Marina GržinićtLetter to children / Sigurður Guðmundssontstatement : altar / Thomas HirschhorntPissing in public / Hans van Houwelingen tDrifting producers / Yongseok JeontCan art make a better world? / Daniel JewesburytThe most beautiful dream is rechargeable / Job KoelewijntTheoretical performances / Boris OndreičkatArt without justification / Anatoly OsmolovskytStarhawk! the musical / Maria PasktThe artist that speaks up / Jan van de Paverttthe meeting in Quebec (Montreaux), the dialogue in Constanta (Konstanz) / Manfred Pernicetwww.alamut.com / Paul Perry tLas Lanzas / Willem de Rooij tTino Sehgal tA suicide note from a contemporary artist / Thorvaldur ThorsteinssontThe inside of an ambulance / Sarah Tripp 2 aArte siglo XXvVisiones, artistas xArte contemporaneo  aMark Kremer; Maria Hlavajova; Annie Fletcher